| 000 | 00678nam a2200217 a 4500 | ||
|---|---|---|---|
| 005 | 20231101063629.0 | ||
| 008 | 991125s1942 mx 000 0 spa u | ||
| 035 | _aUPN01000033769 | ||
| 049 | _aCG | ||
| 050 | 4 |
_aPQ7297 P2.85 _bA5.5 |
|
| 100 | 1 |
_aPaz, Octavio, _d1914-1998 |
|
| 245 | 1 | 0 |
_aA la orilla del mundo y primer día ; Bajo tu clara sombra ; Raíz del hombre ; Noche de resurrecciones / _cOctavio Paz. |
| 260 |
_aMéxico : _bARS, _c1942. |
||
| 300 | _a152 p. | ||
| 440 | 0 |
_aPoesía hispanoamericana ; _v2 |
|
| 650 | 4 |
_aPoesía mexicana _91273 |
|
| 740 | 0 | _aBajo tu clara sombra | |
| 740 | 0 | _aRaíz del hombre | |
| 740 | 0 | _aNoche de resurrecciones | |
| 905 | _aLibro | ||
| 999 |
_c33769 _d33769 |
||